000 00558nam a2200229Ia 4500
005 20260320201520.0
008 008 262003s9999 xx 000 0 eng d
037 _aEBOOK
040 _aCRL
040 _beng
040 _cCRL
041 _2eng
041 _aeng
084 _qCRL
100 _aJuul
_91135048
245 0 _aToo Much Fun: The Five Lives of the Commodore 64 Computer
260 _bIEEE
856 _uhttps://ieeexplore.ieee.org/servlet/opac?bknumber=10735163
942 _cEBOOK
999 _c1721723
_d1721723